000
00346nam a2200145Ia 4500
008
230718s9999 xx 000 0 und d
041
_a
Eng.
082
_a
342.753
_b
AGA-T
100
_a
Agarwala R. K
245
4
_a
The Contract Act, 1873
260
_a
Pakistan
_b
Civil Criminal publishers
_c
2011
300
_a
371
650
_a
Law
999
_c
29713
_d
29713